| 000 | 00662pam a2200241 a 4500 | ||
|---|---|---|---|
| 999 |
_c7377 _d7377 |
||
| 001 | 7377 | ||
| 003 | BD - JhCC | ||
| 005 | 20180208185051.0 | ||
| 008 | 110318s1962 enka 001|0 eng|d | ||
| 020 |
_a9780715338261 (pbk.) : _c£15.99 |
||
| 020 |
_a0715338269 (pbk.) : _c£15.99 |
||
| 035 | _a(BD - JhCC)7377 | ||
| 040 |
_aStDuBDS _cStDuBDS _dUk _dBD - JhCC |
||
| 041 | _aeng | ||
| 082 | 0 | 4 |
_a428.6 _222 _bDIL |
| 100 | 1 | _aDillingham, R | |
| 245 | 1 | 0 |
_a Clever folk / _c R Dillingham |
| 260 |
_aLondon _bGinn and company ltd., _c2011. |
||
| 300 |
_a63 p. : _bill. (chiefly col.) ; _c18 cm. |
||
| 520 | _atajul | ||
| 650 | 0 | _aShort story | |
| 942 |
_2ddc _cBK |
||